Original 22 Rugby League Clubs - Statistics

General Stats
  • This quiz has been taken 46 times
  • The average score is 12 of 22
Answer Stats
Club % Correct
Hull FC
97%
St Helens
97%
Wigan
97%
Bradford FC
89%
Leeds
89%
Warrington
89%
Widnes
83%
Huddersfield
81%
Wakefield Trinity
75%
Leigh
64%
Batley
58%
Halifax
58%
Oldham
58%
Hunslet
47%
Rochdale Hornets
44%
Broughton Rangers
19%
Manningham
19%
Runcorn
19%
Stockport
19%
Brighouse Rangers
17%
Tyldesley
14%
Liversedge
11%
No matching quizzes found
Score Distribution
Percent of People with Each Score
Percentile by Number Answered
Your Score History
You have not taken this quiz